| 000 | 00680nac a22002171u 4500 | ||
|---|---|---|---|
| 008 | 080804m19721976xxu||||| |||| 00| 0 eng d | ||
| 020 | _a8123904010 | ||
| 020 | _a0713132698 | ||
| 020 | _a8123904118 | ||
| 020 | _a0713132728 | ||
| 082 |
_a670.423 _bCHA _222 |
||
| 100 |
_aChapman, W.A.J. _95665 |
||
| 245 |
_aWorkshop technology / _cW. A.J. Chapman |
||
| 250 |
_a5th ed. vol.1, 4th ed. vol2. _bIn SI units |
||
| 260 |
_aNew Delhi: _bCBS, _cc1972- 1976 |
||
| 300 |
_a3 vol. various p. : _bill. ; _c21 cm |
||
| 500 | _aIncludes index. | ||
| 520 | 1 | _a[vol.1 An introductory course]-- [vol.3 ]. | |
| 650 |
_aMachine-shop practice _95666 |
||
| 942 |
_cBB _k670.423 CHA _2ddc |
||
| 999 |
_c442 _d442 |
||